000 01225nam a2200337 i 4500
003 EG-GICUC
005 20260314085746.0
008 260125s1998 ua |||fr|||| 00| 0 ara d
017 _a16759/98
020 _a9770425079
040 _a EG-GICUC
_bara
_c EG-GICUC
_d EG-GICUC
_erda
041 0 _aAra
082 0 4 _221
_a343.253
_bس ع . ك
092 0 4 _221
099 _aLaw1 10 343.253 س ع . ك 1998
100 0 _aسعد جبالى عبدالرحيم
_eمؤلف.
245 1 0 _aكيف تعرف عدم توافر القصد الجنائى فى جريمة الزنا والقانون الوضعى /
_cتأليف د/ سعد جبالى عبدالرحيم.
264 1 _aالقاهرة :
_bدار النهضة العربية،
_c1998.
300 _a152 صفحة؛
_c24 سم.
336 _2rda content
_atext
337 _2rda media
_aComputer
338 _2rda carrier
_aOnline Resource
504 _aببليوجرافيا: صفحات136-143.
546 _aالنص باللغة العربية
650 1 _aالزنا
_2qrmak
650 1 _aالقانون الجنائى
_2qrmak
651 1 _2qrmak
856 4 0 _uhttps://fll.law.cu.edu.eg/fulltext/bks/B10-08135.pdf
905 _a54
942 _2ddc
_cBK
_e21
_n0
999 _c59212
_d59212